Ч. 2. Вентиляция и кондиционирование воздуха; Справочник проектировщика. Внутренние санитарно-технические устройства

Detalles Bibliográficos
Parent link:Справочник проектировщика. Внутренние санитарно-технические устройства: В 2 ч./ Под ред. И. Г. Староверова. Ч. 2. Вентиляция и кондиционирование воздуха.— 3-е изд..— , 1976-
Idioma:ruso
Publicado: 1978
Subjects:
Formato: Libro
KOHA link:https://koha.lib.tpu.ru/cgi-bin/koha/opac-detail.pl?biblionumber=66556

MARC

LEADER 00000nam2a2200000 4500
001 66556
005 20231031072415.0
035 |a (RuTPU)RU\TPU\book\70747 
090 |a 66556 
100 |a 20040826d1978 km y0rusy50 ca 
101 0 |a rus 
102 |a RU 
105 |a a g 000zy 
200 0 |a Ч. 2. Вентиляция и кондиционирование воздуха 
210 |d 1978 
215 |a 509 с.  |c ил. 
461 1 |0 (RuTPU)RU\TPU\book\70744  |t Справочник проектировщика. Внутренние санитарно-технические устройства  |o В 2 ч.  |f Под ред. И. Г. Староверова  |v Ч. 2. Вентиляция и кондиционирование воздуха  |e 3-е изд.  |d 1976- 
610 1 |a санитарно-техническое оборудование 
610 1 |a санитарно-технические устройства 
610 1 |a справочники 
610 1 |a вентиляция 
610 1 |a воздух 
610 1 |a кондиционирование 
610 1 |a тепловой режим 
610 1 |a очистка 
610 1 |a аэрация 
610 1 |a воздушные души 
610 1 |a воздушные завесы 
610 1 |a отсосы 
610 1 |a воздуховоды 
675 |a 696/697.001.2(035)  |v 3 
801 1 |a RU  |b 63413507  |c 20040826  |g PSBO 
801 2 |a RU  |b 63413507  |c 20190402  |g PSBO 
942 |c BK